Wiley applying IFRS for SMEs / (Record no. 7033)
[ view plain ]
| 000 -LEADER | |
|---|---|
| fixed length control field | 00614nam a22002057a 4500 |
| 003 - CONTROL NUMBER IDENTIFIER | |
| control field | OSt |
| 005 - DATE AND TIME OF LATEST TRANSACTION | |
| control field | 20251211020519.0 |
| 008 - FIXED-LENGTH DATA ELEMENTS--GENERAL INFORMATION | |
| fixed length control field | 251211b |||||||| |||| 00| 0 eng d |
| 020 ## - INTERNATIONAL STANDARD BOOK NUMBER | |
| International Standard Book Number | 978-0-470-60337-6 |
| 040 ## - CATALOGING SOURCE | |
| Original cataloging agency | DWCL-Admin lib |
| Transcribing agency | OC |
| 082 ## - DEWEY DECIMAL CLASSIFICATION NUMBER | |
| Classification number | Circ. 657.3 W714 2010 |
| 100 ## - MAIN ENTRY--PERSONAL NAME | |
| Personal name | Mackenzie, Bruce |
| 245 ## - TITLE STATEMENT | |
| Title | Wiley applying IFRS for SMEs / |
| Statement of responsibility, etc. | Bruce Mackenzie |
| 260 ## - PUBLICATION, DISTRIBUTION, ETC. | |
| Place of publication, distribution, etc. | N.J. : |
| Name of publisher, distributor, etc. | John Wiley & Sons, |
| Date of publication, distribution, etc. | c2010 |
| 300 ## - PHYSICAL DESCRIPTION | |
| Extent | xiii, 484 p. : |
| Other physical details | ill. ; |
| Dimensions | 24 cm. |
| 504 ## - BIBLIOGRAPHY, ETC. NOTE | |
| Bibliography, etc. note | Includes index. |
| 650 ## - SUBJECT ADDED ENTRY--TOPICAL TERM | |
| Topical term or geographic name entry element | 1. Accounting-Standards. |
| 650 ## - SUBJECT ADDED ENTRY--TOPICAL TERM | |
| Topical term or geographic name entry element | 2. Small business-Accounting. |
| 942 ## - ADDED ENTRY ELEMENTS (KOHA) | |
| Source of classification or shelving scheme | Dewey Decimal Classification |
| Koha item type | Book Circulation |
| Call number prefix | Circ. |
| Suppress in OPAC | No |
| 952 ## - LOCATION AND ITEM INFORMATION (KOHA) | |
| -- | |
| Withdrawn status | Lost status | Source of classification or shelving scheme | Damaged status | Not for loan | Home library | Current library | Shelving location | Date acquired | Source of acquisition | Total Checkouts | Full call number | Barcode | Date last seen | Copy number | Price effective from | Koha item type | Uniform Resource Identifier |
|---|---|---|---|---|---|---|---|---|---|---|---|---|---|---|---|---|---|
| Dewey Decimal Classification | College Library | College Library | Circulation | 07/07/2011 | School Fund | Circ. 657.3 W714 2010 | 48626 | 12/11/2025 | c1 | 12/11/2025 | BK-CIRC |